Phases finales de la Champions Cup 2021-2022. - Statistiques

Statistiques générales
  • Ce quiz a été pris 98 fois
  • Le résultat moyen est 12 sur 16
Statistiques - réponses
Réponse % Correct
Stade toulousain
100%
Stade rochelais
98%
Leinster
95%
Racing 92
92%
Munster
86%
Union-Bordeaux-Bègles
82%
ASM Clermont
79%
Ulster
76%
Exeter Chiefs
73%
Leicester Tigers
73%
Stade français Paris
71%
Montpellier HR
67%
Harlequins
65%
Sale Sharks
64%
Connacht
41%
Bristol Bears
36%
Aucun quiz correspondant
Distribution des résultats
% des personnes avec chaque résultat
Percentile par nombre de réponses
Votre historique - résultats
Vous n’avez pas pris ce quiz